|
|
|
|
| LEADER |
00995pam a22002538a 4500 |
| 001 |
00024069 |
| 005 |
20210310100314.0 |
| 008 |
110711s1998 ||||||viesd |
| 020 |
# |
# |
|c 6500
|
| 041 |
0 |
# |
|a vie
|
| 082 |
1 |
4 |
|a 428
|b PH561PH
|
| 100 |
1 |
# |
|a Nguyễn Hạnh Dung
|
| 245 |
1 |
0 |
|c Nguyễn Hạnh Dung
|a Phương pháp dạy tiếng Anh trong trường phổ thông
|
| 260 |
# |
# |
|a H.
|b Giáo dục
|c 1998
|
| 300 |
# |
# |
|a 191tr.
|c 21 cm.
|
| 650 |
# |
4 |
|a Phương pháp giảng dạy
|
| 650 |
# |
4 |
|a Trường phổ thông
|
| 650 |
# |
4 |
|a Tiếng anh
|
| 852 |
# |
# |
|b Kho giáo trình
|j KGT.0027826, KGT.0027827, KGT.0033186, KGT.0033344, KGT.0034287, KGT.0034288
|
| 852 |
# |
# |
|b Kho mượn
|j KM.0006943
|
| 852 |
# |
# |
|j KM.0006943
|j KGT.0033186
|j KGT.0034287
|j KGT.0034288
|j KGT.0027826
|j KD.0008608
|j KGT.0033344
|j KGT.0027827
|
| 852 |
# |
# |
|b Kho đọc
|j KD.0008608
|
| 910 |
0 |
# |
|a Ntuyet
|d 11/07/2011
|
| 980 |
# |
# |
|a Trung tâm Học liệu Lê Vũ Hùng, Trường Đại học Đồng Tháp
|